| 000 | 01421nam a22003617a 4500 | ||
|---|---|---|---|
| 003 | CHAP | ||
| 005 | 20220329141036.0 | ||
| 008 | 971013s1996 r 00010 d | ||
| 010 | _a61734 | ||
| 011 | _a62706 | ||
| 035 | _a66881 | ||
| 040 | _cCHAP | ||
| 090 | _aTesis | ||
| 100 | 0 | 0 |
_aEstrada Trejo, Angel. _938443 |
| 245 | _aEvaluación de Timsen (N-alquil dimetil bencil amonio) en mezcla con fungicidas de contacto para el control del tizón tardío (Phytophthora infestans (Mont.) de Barry) en jitomate (Lycopersicon esculentum Mill.), en Nepantla, Estado de México | ||
| 260 |
_aChapingo, Méx. : _bEl autor, _c1996 |
||
| 300 | _a63 h. | ||
| 502 | _aTesis (Ing. Agr. Esp. en Parasitología Agrícola) -- UACH. Departamento de Parasitología Agrícola | ||
| 590 |
_aALEPH _b10 _c20130110 _lUCH01 _h1344 |
||
| 590 |
_aBATCH-UPD _b10 _c20130110 _lUCH01 _h0558 |
||
| 590 |
_aBATCH-UPD _b10 _c20130410 _lUCH01 _h0240 |
||
| 590 |
_aBATCH-UPD _b10 _c20130914 _lUCH01 _h1327 |
||
| 590 |
_aCONVERSION _b10 _c20130109 _lUCH01 _h1333 |
||
| 650 | 1 | 4 |
_aFungicidas. _944044 |
| 650 | 1 | 4 |
_aPhytophthora infestans. _987925 |
| 650 | 1 | 4 |
_aTizón tardío del tomate. _9113452 |
| 650 | 1 | 4 |
_aTomate _xEnfermedades por hongos. _9113713 |
| 650 | 1 | 4 |
_aTomate _zMéxico (Edo.). _9113786 |
| 901 | _aBK | ||
| 942 | _cFOLL | ||
| 949 |
_bBC _cTES _d-152144 _eTS1 _h30709 _i66881 _si |
||
| 949 |
_bBC _cTES _d33724000625554 _eTS2 _fc.2 _h30710 _i66881 _si |
||
| 999 |
_c61734 _d61734 |
||